000 00569nam a2200217Ia 4500
003 OSt
005 20220924134611.0
006 a|||||r|||| 00| 0
007 ta
008 220923b |||||||| |||| 00| 0 tel d
024 _a280827
037 _cTextual
040 _aARTS
_cARTS
_btel
041 _2tel
_atel
082 _aO31,1M62:g, 111L6
100 _aGurazada
_9208808
245 0 _aGurazada commemorative volume ed by M Chalapathi Rau
260 _c1976
942 _hO31,1M62:g, 111L6
_cTEXL
_2CC
999 _c437974
_d437974